000
00399nam a22001697a 4500
003
MPLRDC
005
20220104142513.0
008
210129b ||||| |||| 00| 0 eng d
082
_a
414.76 ZY
100
_a
钟庸
245
_a
壶中天地. 续篇
_c
250
_a
再版
260
_a
_b
香港宏业书局
_c
1970
300
_b
平
650
_a
中医成药--汤药
942
_c
BK
_o
414.76 ZY
999
_c
31424
_d
31414